00526nam a22001337a 4500082002100000245012200021260003700143300003000180526003700210650001300247942001200260999001900272952010100291 a333.8232bASScD aAssessment of transportation growth in Asia and its effects on energy use the environment and traffic congestioncASS aWashingtonbThe world bankc1992 av, 61 p. :bill, c24 cm. a0b0c0d333_823200000000000_ASS aMCE9379 2ddccBK c541994d541994 00102ddc4070aMCEbMCEd2013-09-17l0o333.8232 ASSpMCE-41937r2013-09-17t1w2013-09-17yBK